| 000 | 00722nam a22002297a 4500 | ||
|---|---|---|---|
| 003 | URS | ||
| 005 | 20251022142528.0 | ||
| 008 | 251006b ||||| |||| 00| 0 eng d | ||
| 020 | _a978-621-427-182-5 | ||
| 040 | _cURS | ||
| 050 |
_aHF5549.2 _b.Ad2442 2024 |
||
| 100 | 1 | _aAbante, Marmelo V., | |
| 245 |
_aAdvanced Human Resource Management (HRM) _bFor Private and Government Institutions |
||
| 264 |
_aIntramuros, Manila _bUNLIMITED BOOKS LIBRARY SERVICES & PUBLISHING INC. _c©2024 |
||
| 300 |
_a260 pages.,: _c25 cm. |
||
| 336 |
_2rdacontent _atext |
||
| 337 |
_2rdamedia _aunmediated |
||
| 338 |
_2rdacarrier _avolume |
||
| 650 | 0 | _aPersonnel management | |
| 700 |
_aJulianes, Melchor S. _eauthor |
||
| 942 |
_2lcc _cF |
||
| 999 |
_c88228 _d88225 |
||